О пятилетнем плане по женскому труду

Доступно только в Электронных читальных залах Найти на картеНа карте
RUSMARC
00004204nmc2a22002893x 450
001fdeb9c24-9104-4aea-ac94-206650872dbb
00520230719195633.0
100##$a20230613l19291930k y0rusy50 ca
1010#$arus
$amul
102##$aRU
105##$aa z |||||
1222#$ad19291121
$ad19301231
2001#$aО пятилетнем плане по женскому труду
$j21.11.1929 - 1930
215##$a242 листа
$cтабл.
$d38,5 х 25,8
251##$cДело
300##$aНа папке дела: 21 ноября 1929 г. - 1931 г.
300##$aВ деле обратная нумерация листов
300##$aЛисты: 200-190, 175, 168, 165, 147, 111, 110, 77, 43 - текст уходит в корешок дела
300##$aЧасть текста на языках народов СССР
300##$aЧасть текста машинописная и рукописная, часть - напечатана типографским способом
324##$aВ деле имеются копии отдельных документов
461#0$1001796d4672-8a00-4986-b488-6e42273792cc
$12001
$aЦЕНТРАЛЬНЫЙ ИСПОЛНИТЕЛЬНЫЙ КОМИТЕТ СССР (ЦИК СССР).
$1251
$cФонд
$1852
$gР
$j3316
462#0$10016e6e8ba4-e15f-4ad4-8937-f1e88c150bfe
$12001
$aДела Секретариата Президиума ЦИК Союза ССР. 1929 г.
$vД. 941
$1251
$cОпись
$1852
$j22
60101$3RU\NLR\AUTH\880357276
$aСССР
$bЦИК
801#0$aRU
$bGA_RF
801#1$aRU
$bГлавНИВЦ
$c20230613
$2rusmarc
801#2$aRU
$bПБ им. Б.Н. Ельцина
$c20230719
$gRCR
$2rusmarc
852##$aГА РФ
$j941
937##$d186673044
$hГАРФ
035##$aRuPRLIB51072615
856##$uhttp://readingroom.main.prlib.ru/item.aspx?id_node=n186673044&mode=full
Формат отображения